000 00737nam a22002297a 4500
005 20150903175035.0
008 150903b xxu||||| |||| 00| 0 eng d
010 _aB-598021
020 _a9781444177268
_c450.00
035 _aB-598021
037 _bUBH
040 _adpl
_beng
082 _a494
100 _aGraham, Gaelle
245 _aComplete French/
_cby Gaelle Graham;edited by Paul Coggle
260 _aUK
_bHachette
_c2012
300 _a400p
_c20cm (pbk)
490 _aTeach Yourself
700 _aCoggle, Paul
942 _2ddc
_cEN
_h494
_mGRA
999 _c96636
_d96636